المؤلفات النادرة عن المملكة العربية السعودية و الجزيرة العربية : نماذج مختارة

Saved in:

Main Author: فهد بن عبد الله سماري..

Other Authors: عبد الله بن إبراهيم عسكر، عبد اللطيف بن محمد حميد.

Format: Book

Language: Undetermined

Published: Al Riyadh, Saudi Arabia : maktabat almalik eabdialeaziz aleama, 1995.

Subjects:

Tags: Add Tag

No Tags, Be the first to tag this record!

Call Number: (F)Z3026 .S239

LEADER 00830nam a2200181Ia 4500
008 240329s9999||||xx |||||||||||||| ||und||
020 |a 9789960624433 
050 4 |a (F)Z3026 .S239 
100 1 |a فهد بن عبد الله سماري.. 
245 1 0 |a المؤلفات النادرة عن المملكة العربية السعودية و الجزيرة العربية : نماذج مختارة  |c فهد بن عبد الله سماري. 
264 1 |a Al Riyadh, Saudi Arabia :  |b maktabat almalik eabdialeaziz aleama,  |c 1995. 
300 |a 205  |b color illustrations  |c 32 
500 |a kh2019 
500 |a السعودية ببليوجرافيات 
650 |a الكتب النادرة السعودية 
700 1 |a عبد الله بن إبراهيم عسكر، عبد اللطيف بن محمد حميد. 
942 |2 lcc  |c BK 
999 |c 57876  |d 57876